Eastern Utah Libraries Catalog: Duchesne, Heber, Roosevelt, & Vernal

The last airbender (Record no. 73275)

MARC details
000 -LEADER
fixed length control field 03628cgm a2200793Ia 4500
001 - CONTROL NUMBER
control field ocn664143419
003 - CONTROL NUMBER IDENTIFIER
control field OCoLC
005 - DATE AND TIME OF LATEST TRANSACTION
control field 20241220125955.0
008 - FIXED-LENGTH DATA ELEMENTS--GENERAL INFORMATION
fixed length control field 100915s2010 cau103 vleng d
007 - PHYSICAL DESCRIPTION FIXED FIELD--GENERAL INFORMATION
fixed length control field vd cvaizq
040 ## - CATALOGING SOURCE
Original cataloging agency TEFMT
Transcribing agency TEFMT
Modifying agency BTCTA
-- TEF
-- BKX
-- RNC
-- IMD
-- GK8
-- MR0
-- EYP
-- UINTA
019 ## -
-- 678074510
020 ## - INTERNATIONAL STANDARD BOOK NUMBER
International Standard Book Number 1415756163
020 ## - INTERNATIONAL STANDARD BOOK NUMBER
International Standard Book Number 9781415756164
024 10 - OTHER STANDARD IDENTIFIER
Standard number or code 097363518945
024 1# - OTHER STANDARD IDENTIFIER
Standard number or code 097363518969
028 42 - PUBLISHER NUMBER
Publisher number 35189
Source Paramount Pictures
035 ## - SYSTEM CONTROL NUMBER
System control number (OCoLC)664143419
Canceled/invalid control number (OCoLC)678074510
037 ## - SOURCE OF ACQUISITION
Source of stock number/acquisition Midwest Tape
Note http://www.midwesttapes.com
041 1# - LANGUAGE CODE
Language code of text/sound track or separate title eng
-- fre
-- spa
-- eng
-- fre
-- spa
Language code of original and/or intermediate translations of text eng
050 #4 - LIBRARY OF CONGRESS CALL NUMBER
Classification number PN1997
Item number .L37 2010
082 04 - DEWEY DECIMAL CLASSIFICATION NUMBER
Classification number 791.43/72
Edition number 22
049 ## - LOCAL HOLDINGS (OCLC)
Holding library UCLB
092 ## - LOCALLY ASSIGNED DEWEY CALL NUMBER (OCLC)
Classification number 791.437
245 04 - TITLE STATEMENT
Title The last airbender
Medium [videorecording] /
Statement of responsibility, etc Paramount Pictures and Nickelodeon Movies present ; produced by Sam Mercer, Frank Marshall ; written, produced and directed by M. Night Shyamalan.
260 ## - PUBLICATION, DISTRIBUTION, ETC. (IMPRINT)
Place of publication, distribution, etc Hollywood, Calif. :
Name of publisher, distributor, etc Paramount Pictures,
Date of publication, distribution, etc c2010.
300 ## - PHYSICAL DESCRIPTION
Extent 1 videodisc (103 min.) :
Other physical details sd., col. ;
Dimensions 4 3/4 in.
538 ## - SYSTEM DETAILS NOTE
System details note DVD ; region 1; widescreen enhanced for 16:9 TVs ; 5.1 Dolby Digital Surround.
546 ## - LANGUAGE NOTE
Language note English, French or Spanish dialogue; English, French or Spanish subtitles. Closed-captioned; English audio description for the visually impaired.
511 1# - PARTICIPANT OR PERFORMER NOTE
Participant or performer note Noah Ringer, Dev Patel, Nicola Peltz, Jackson Rathbone, Shaun Toub, Aasif Mandvi, Cliff Curtis.
508 ## - CREATION/PRODUCTION CREDITS NOTE
Creation/production credits note Director of photography, Andrew Lesnie ; editor, Conrad Buff ; music, James Newton Howard.
500 ## - GENERAL NOTE
General note Based on the series "Avatar: the last airbender" created by Michael Dante DiMartino and Bryan Konietzko.
500 ## - GENERAL NOTE
General note DVD release of the 2010 motion picture.
521 8# - TARGET AUDIENCE NOTE
Target audience note MPAA rating: PG; fantasy action violence.
520 ## - SUMMARY, ETC.
Summary, etc Join Aang, an extraordinary boy with incredible 'bending' powers, as he journeys through an exotic land filled with magical creatures and powerful friends. As the Avatar, he is the only one who can end the age-old conflict between the four nations, Air, Water, Earth, and Fire.
500 ## - GENERAL NOTE
General note Special features: Origins of the Avatar; deleted scenes; outtakes.
650 #0 - SUBJECT ADDED ENTRY--TOPICAL TERM
Topical term or geographic name as entry element Magic
Form subdivision Drama.
9 (RLIN) 5692888
650 #0 - SUBJECT ADDED ENTRY--TOPICAL TERM
Topical term or geographic name as entry element Reincarnation
Form subdivision Drama.
9 (RLIN) 5765589
650 #0 - SUBJECT ADDED ENTRY--TOPICAL TERM
Topical term or geographic name as entry element Martial arts
Form subdivision Drama.
9 (RLIN) 5764714
650 #7 - SUBJECT ADDED ENTRY--TOPICAL TERM
Topical term or geographic name as entry element Magia
Form subdivision Teatro.
Source of heading or term bidex
9 (RLIN) 5712029
650 #7 - SUBJECT ADDED ENTRY--TOPICAL TERM
Topical term or geographic name as entry element Reencarnación
Form subdivision Teator.
Source of heading or term bidex
9 (RLIN) 6512965
655 #0 - INDEX TERM--GENRE/FORM
Genre/form data or focus term Feature films.
9 (RLIN) 6214962
655 #0 - INDEX TERM--GENRE/FORM
Genre/form data or focus term Fiction films.
9 (RLIN) 6214963
655 #0 - INDEX TERM--GENRE/FORM
Genre/form data or focus term Martial arts films.
9 (RLIN) 5755131
655 #0 - INDEX TERM--GENRE/FORM
Genre/form data or focus term Action and adventure films.
9 (RLIN) 6214964
655 #0 - INDEX TERM--GENRE/FORM
Genre/form data or focus term Video recordings for the hearing impaired.
9 (RLIN) 6214965
655 #0 - INDEX TERM--GENRE/FORM
Genre/form data or focus term Video recordings for people with visual disabilities.
9 (RLIN) 5676923
655 #7 - INDEX TERM--GENRE/FORM
Genre/form data or focus term Feature films.
Source of term gsafd
9 (RLIN) 6214962
700 1# - ADDED ENTRY--PERSONAL NAME
Personal name Shyamalan, M. Night.
9 (RLIN) 48709
700 1# - ADDED ENTRY--PERSONAL NAME
Personal name Mercer, Sam.
9 (RLIN) 68209
700 1# - ADDED ENTRY--PERSONAL NAME
Personal name Marshall, Frank.
9 (RLIN) 23906
700 1# - ADDED ENTRY--PERSONAL NAME
Personal name Ringer, Noah,
Dates associated with a name 1996-
9 (RLIN) 6214966
700 1# - ADDED ENTRY--PERSONAL NAME
Personal name Patel, Dev,
Dates associated with a name 1990-
9 (RLIN) 5849827
700 1# - ADDED ENTRY--PERSONAL NAME
Personal name Peltz, Nicola,
Dates associated with a name 1994-
9 (RLIN) 5925116
700 1# - ADDED ENTRY--PERSONAL NAME
Personal name Rathbone, Jackson,
Dates associated with a name 1984-
9 (RLIN) 5886156
700 1# - ADDED ENTRY--PERSONAL NAME
Personal name Toub, Shaun.
9 (RLIN) 74888
700 1# - ADDED ENTRY--PERSONAL NAME
Personal name Mandvi, Aasif,
Dates associated with a name 1966-
9 (RLIN) 6214967
700 1# - ADDED ENTRY--PERSONAL NAME
Personal name Curtis, Cliff,
Dates associated with a name 1968-
9 (RLIN) 68706
700 1# - ADDED ENTRY--PERSONAL NAME
Personal name Howard, James Newton.
9 (RLIN) 34915
700 1# - ADDED ENTRY--PERSONAL NAME
Personal name DiMartino, Michael Dante.
9 (RLIN) 73409
700 1# - ADDED ENTRY--PERSONAL NAME
Personal name Konietzko, Bryan.
9 (RLIN) 73410
710 2# - ADDED ENTRY--CORPORATE NAME
Corporate name or jurisdiction name as entry element Paramount Pictures Corporation.
9 (RLIN) 7712
710 2# - ADDED ENTRY--CORPORATE NAME
Corporate name or jurisdiction name as entry element Nickelodeon Movies.
9 (RLIN) 65622
730 0# - ADDED ENTRY--UNIFORM TITLE
Uniform title Avatar, the last airbender (Television program)
9 (RLIN) 78368
938 ## -
-- Baker and Taylor
-- BTCP
-- BEDDPA 351894
942 ## - ADDED ENTRY ELEMENTS (KOHA)
Koha item type DVD
994 ## -
-- C0
-- UINTA
998 ## - LOCAL CONTROL INFORMATION (RLIN)
-- a138956
Holdings
Withdrawn status Lost status Source of classification or shelving scheme Damaged status Not for loan Collection code Home library Current library Shelving location Date acquired Source of acquisition Cost, normal purchase price Total Checkouts Total Renewals Full call number Barcode Date last seen Date checked out Cost, replacement price Price effective from Koha item type
    Dewey Decimal Classification     Movies Wasatch County Library Wasatch County Library Audio Visual Area 05/09/2013 Donation 25.00 97 7 DVD Las 34301002000893 02/17/2026 01/13/2026 25.00 03/20/2020 DVD
This project was made possible through a grant from the Institute of Museum and Library Service administered by the Utah State Library Division.

Wasatch County Library

  • 465 East 1200 South, Heber City, Utah 84032
  • Phone 435-654-1511 | Fax 435-654-6456

Hours

  • Monday - Friday 9:30 AM - 8:00 PM
  • Saturday 9:30 AM - 1:30 PM
  • Closed Sundays and Holidays